| 000 | 00341nam a22001217a 4500 | ||
|---|---|---|---|
| 020 | _a5703823951 | ||
| 082 |
_a629.1 _bSAL |
||
| 100 |
_aSalychev , Oleg S _9111215 |
||
| 245 |
_aApplied Intertial Navigation: _bProblems and Solutions / _cOleg S. Salychev |
||
| 260 |
_aRussia : _bBMSTU _c2004. |
||
| 300 |
_a302p. ; _bHardcover |
||
| 942 |
_2ddc _cBK |
||
| 999 |
_c594166 _d594166 |
||